The Honda book of management : A leadership philosophy for high industrial success

Bibliographic Details
Main Author: Setsuo Mito
Format: Book
Published: London : Kogan Page , 1990
Subjects:

MARC

LEADER 00000cam a2200000 7i4500
001 0000003891
005 20050503.0
020 |a 0749402016 
040 |a INS 
090 0 0 |a HD9710.5.J34   |b H64913 1990 
100 1 |a Setsuo Mito 
245 1 4 |a The Honda book of management :   |b A leadership philosophy for high industrial success   |c Setsuo Mito 
260 |a London :   |b Kogan Page ,   |c 1990 
300 |a xvi, 112 p ;   |c 21 cm. 
650 0 0 |a Industrial management 
999 |a 0000004454   |b BOOK   |c Open Shelf   |e Default branch